000 00537nam a22001817a 4500
999 _c26325
_d26325
003 BDDh-ASL
005 20231015030629.0
008 211007s1961 p ||||| |||| 00| 0 u d
040 _aBDDh-ASL
_cBDDh-ASL
082 _a297.63
_bSII
100 1 _94803
_aSirhindi, Sheikh Ahmad Farooqi
245 1 0 _aIsbatin Nubuwat : / اثبات النبوۃ
246 _aIsbatin Nubuwat
260 _aKarachi :
_bAala KutubKhana ,
_c1961 / 1383 H.
300 _a112 p. :
_c18 cm.
650 0 _91652
_aIslam
_xProphetology
942 _2ddc
_cBK